Films de Ron Howard par images - Statistiques

Statistiques générales
  • Ce quiz a été pris 266 fois
  • Le résultat moyen est 6 sur 16
Statistiques - réponses
Par images Réponse % Correct
Le Grinch
94%
Solo - A Star Wars Story
88%
Da Vinci Code
86%
Apollo 13
60%
Willow
47%
Anges & Démons
35%
Rush
34%
Inferno
33%
Un homme d'exception
31%
Backdraft
19%
La Rançon
18%
Au cœur de l'océan
10%
De l'ombre à la lumière
6%
En direct sur Ed TV
6%
Horizons lointains
6%
Les Disparues
3%
Aucun quiz correspondant
Distribution des résultats
% des personnes avec chaque résultat
Percentile par nombre de réponses
Votre historique - résultats
Vous n’avez pas pris ce quiz